000 00554nam a2200181 i 4500
001 122747
003 ES-MaACL
005 20230906192032.0
007 t|
008 070214s1935 sp r ||||1| spa d
100 1 _aPuig, Juan Bautista.
_994233
245 1 3 _aEl espacio curvo /
_cpor Juan B. Puig.
250 _a1ª. ed.
260 _aAlicante :
_b[s.n.],
_c1935 (
_fTip. de Suc. de Such, Serra y Cie)
300 _a24, 26,17 p. :
_bil. ;
_c21 cm.
650 0 4 _aRelatividad (Física)-
_vObras de divulgación.
_916794
852 _aES-MaACL
_j1803-F-11
999 _c122747
_d122747